Riconosci il Pokémon - Quiz n°614 - Statistics

Statistiche generali
  • Questo quiz è stato fatto 1 volte
  • Il punteggio medio è 9 su 10
Statistiche sulle risposte
Indizio Riposta % Corretto
Altezza 0,9 m
100%
Peso 14,5 kg
100%
Sesso 50% ♂, 50% ♀
100%
Tasso di cattura 75 (17.5%)
100%
Abilità Alternacura; Velenopunte; Tecnico
100%
Tipo Erba / Veleno
100%
Tasso di allevamento Medio-Lento
100%
Generazione Quarta
100%
Stadio evoluzione Seconda evoluzione
100%
Pokémon Roserade
0%
Nessun quiz corrispondente trovato
Distribuzione punteggi
Percentuale di utenti per punteggio
Percentile per numero di risposta
I tuoi punteggi nel tempo
Non hai fatto questo quiz